عرض عادي
عرض مارك
- Jorge, Milagros.
مدخل إسم شخص
001 - رقم الضبط
- حقل الضبط: 64579
003 - معرف رقم الضبط
- حقل الضبط: OSt
005 - تاريخ ووقت أخر عملية
- حقل الضبط: 20180829184955.0
008 - عناصر بيانات ثابتة الطول
- حقل تحكم ثابت الطول: 180829|| aca||aabn | a|a d
040 ## - مصدر الفهرسة
- هيئة الفهرسة الأصلية: OSt
- وكالة الكتابة: OSt
100 ## - مدخل -- أسم شخص
- إسم شخص: Jorge, Milagros.
670 ## - بيانات المصدر موجوده
- الاستشهاد بالمصدر: Work cat.: (OSt)0: Lusardi, Michelle M. 64573, Orthotics & prosthetics in rehabilitation /
